000 00277nam a22001217a 4500
008 170921b xxu||||| |||| 00| 0 eng d
041 _aeng
080 _a78
100 _a45
101 _amuz
245 _aFROM SEA TO SHINING SEA AND SONG
_cCOHN.A.L
942 _2udc
_cBK
999 _c28681
_d28681